Cartes de Clash Royale - Statistiques

Statistiques générales
  • Ce quiz a été pris 71 fois
  • Le résultat moyen est 30 sur 116
Statistiques - réponses
Carte Type de carte % Correct
Squelettes Troupes
69%
Boule de Feu Sort
63%
Géant Troupes
62%
Prince Troupes
62%
Sorcier Troupes
62%
Chevalier Troupes
60%
P.E.K.K.A Troupes
58%
Golem Troupes
56%
Bûche Sort
54%
Canon Bâtiment
54%
Sorcier de Glace Troupes
54%
Barbares Troupes
52%
Mini P.E.K.K.A Troupes
52%
Princesse Troupes
52%
Esprit de Feu Troupes
50%
Gobelins Troupes
50%
Sorcière Troupes
48%
Esprit de Glace Troupes
46%
Méga-Chevalier Troupes
46%
Rage Sort
46%
Flèches Sort
44%
Foudre Sort
44%
Tesla Bâtiment
44%
Archères Troupes
42%
Bébé Dragon Troupes
42%
Gobelins à Lances Troupes
42%
Armée de Squelettes Troupes
40%
Électrocution Sort
40%
Géant Royal Troupes
40%
Mousquetaire Troupes
40%
Tour de l'Enfer Bâtiment
40%
Barbares d’Élite Troupes
38%
Valkyrie Troupes
38%
Chevaucheur de Cochon Troupes
37%
Prince Ténébreux Troupes
37%
Cimetière Sort
33%
Fût à Gobelins Sort
33%
Gel Sort
33%
Ballon Troupes
31%
Mineur Troupes
31%
Électro-Sorcier Troupes
29%
Gargouilles Troupes
29%
Dragon de l'Enfer Troupes
27%
Géant Squelette Troupes
27%
Rocket Sort
27%
Tour à Bombes Bâtiment
27%
Électro-Géant Troupes
25%
Molosse de Lave Troupes
25%
Poison Sort
25%
Trois Mousquetaires Troupes
25%
Bûcheron Troupes
23%
Pierre Tombale Bâtiment
23%
Fournaise Bâtiment
23%
Horde de Gargouilles Troupes
23%
Mamie Sorcière Troupes
23%
Reine des Archers Troupes
23%
Roi Squelette Troupes
23%
Zappy Troupes
23%
Arc X Bâtiment
21%
Bombardier Troupes
21%
Bourreau Troupes
21%
Cabane à Gobelins Bâtiment
21%
Électro-Esprit Troupes
21%
Gardes Troupes
21%
Géant Gobelin Troupes
21%
Mortier Bâtiment
21%
Chauve-Souris Troupes
19%
Chevalier d'Or Troupes
19%
Fût à Barbare Sort
19%
Gobelin à Sarbacane Troupes
19%
Sapeurs Troupes
19%
Séisme Sort
19%
Sorcière de la Nuit Troupes
19%
Archer Magique Troupes
17%
Chasseur Troupes
17%
Clonage Sort
17%
Esprit de Guérison Troupes
17%
Gang de Gobelins Troupes
17%
Moine Troupes
17%
Artificière Troupes
15%
Bouliste Troupes
15%
Cabane à Barbares Bâtiment
15%
Cochons Royaux Troupes
15%
Électro-Dragon Troupes
15%
Extracteur d’Élixir Bâtiment
15%
Fût à Squelettes Troupes
15%
Recrues Royales Troupes
15%
Bélier de combat Troupes
13%
Cavabélier Troupes
13%
Méga-Gargouille Troupes
13%
Pêcheur Troupes
13%
Tornade Sort
13%
Voleuse Troupes
13%
Fripons Troupes
12%
Maître Mineur Troupes
12%
Berserker Troupes
10%
Dragons Squelettes Troupes
10%
Fantôme Royal Troupes
10%
Machine Volante Troupes
10%
Cage à Gobelin Bâtiment
8%
Machine Gobelin Bâtiment
8%
Petit Prince Troupes
8%
Gobelinstein Troupes
6%
Géant de Glace Troupes
4%
Guérisseuse Armée Troupes
4%
Charrette à Canon Troupes
2%
Électrocuteurs Troupes
2%
Foreuse à Gobelins Bâtiment
2%
Boule de neige géante Sort
0%
Buisson Suspect Troupes
0%
Géant d’Élixir Troupes
0%
Géant des Runes Troupes
0%
Gobelin Démolisseur Troupes
0%
Malédiction des Gobelins Sort
0%
Phénix Troupes
0%
Void Sort
0%
Aucun quiz correspondant
Distribution des résultats
% des personnes avec chaque résultat
Percentile par nombre de réponses
Votre historique - résultats
Vous n’avez pas pris ce quiz